Estadísticas para Top 10 Países en Producción de Poder Nuclear

Haz click aquí para intentar la prueba.

Estadísticas generales

  • Esta prueba ha sido intentada 1.093 veces
  • La puntuación promedio es 8 de 10

Estadísticas de respuestas

GWh%País% Correcto
804,87219.7Estados Unidos
100%
197,8293.6China
96%
386,45272.2Francia
95%
184,05417.1Rusia
95%
80,06913.1Alemania
91%
65,14920.4Reino Unido
85%
95,65015.6Canadá
81%
154,30630.3Corea del Sur
65%
76,07852.3Ucrania
55%
60,64740.0Suecia
37%

Distribución de puntuación

Porcentaje por número respondido

Porcentaje de gente con cada puntuación

Historial de tus puntuaciones

No has intentado esta prueba.